She Came In Through The Bathroom Window Lyrics by The Beatles - Statistics

General Stats
  • This quiz has been taken 18 times
  • The average score is 111 of 127
Answer Stats
Answer % Correct
bathroom
100%
came
100%
her
100%
her?
100%
I
100%
in
100%
She
100%
she
100%
the
100%
through
100%
window,
100%
a
94%
and
94%
And
94%
by
94%
me.
94%
me,
94%
on
94%
so
94%
to
94%
been
88%
could
88%
department
88%
Didn't
88%
got
88%
job.
88%
knew
88%
Monday,
88%
myself
88%
not
88%
phone
88%
police
88%
she'd
88%
steady
88%
Sunday's
88%
tell
88%
Tuesday's
88%
yeah.
88%
always
82%
anybody
82%
at
82%
of
82%
oh
82%
quit
82%
said
82%
see?
82%
silver
82%
spoon,
82%
though
82%
thought
82%
answer,
76%
banks
76%
but
76%
dancer.
76%
protected
76%
say.
76%
clubs
71%
day.
71%
lagoon.
71%
now
71%
rob.
71%
worked
71%
best
65%
fifteen
65%
own
65%
steal,
65%
tried
65%
help
59%
well,
59%
wonders
59%
sucks
47%
thumb
47%
what
47%
No matching quizzes found
Score Distribution
Percent of People with Each Score
Percentile by Number Answered
Your Score History
You have not taken this quiz